000
00274nam a2200145Ia 4500
100
_a
Doehler
942
_c
BK
654
_a
casting
245
_a
Die Casting
260
_b
McGraw Hill
_c
2001
082
_a
671.2
_b
DOE
300
_a
502
546
_a
ENGLISH
999
_c
35208
_d
35208